LEADER 00947nam0-2200313 --450 001 9910673390603321 005 20230323184655.0 010 $a88-11-73859-8 100 $a20230323d1996----kmuy0itay5050 ba 101 0 $aita 102 $aIT 105 $a 001yy 200 1 $a<>modello americano$eegemonia e consenso nell'era della globalizzazione$fMario Calvo-Platero, Mauro Calamandrei 210 $a[Milano]$cGarzanti$d1996 215 $a343 p.$d21 cm 225 1 $aMemorie, documenti, biografie 610 0 $aEconomia mondiale 610 0 $aStati Uniti d'America$aPolitica$a1990-1996 676 $a973.928$v19 676 $a320.97309049$v20 700 1$aPlatero,$bMario$0267673 701 1$aCalamandrei,$bMauro$0174362 801 0$aIT$bUNINA$gREICAT$2UNIMARC 901 $aBK 912 $a9910673390603321 952 $aFL EUR 45$bFL-261$fDECBC 959 $aDECBC 996 $aModello americano$91254418 997 $aUNINA LEADER 01040nam a22002771i 4500 001 991004182959707536 005 20031010110741.0 008 031111s1983 gw |||||||||||||||||ger 020 $a3538070377 035 $ab12538334-39ule_inst 035 $aARCHE-057160$9ExL 040 $aDip.to Lingue$bita$cA.t.i. Arché s.c.r.l. Pandora Sicilia s.r.l. 082 04$a838.91 082 04$a832.9 100 1 $aVölker, Klaus$0394331 245 10$aBrecht-kommentar zum dramatischen werk /$cvon Klaus Völker ; mitarbeit Hans-Jürgen Pullem 260 $aMünchen :$bWinkler,$c1983 300 $a416 p. ;$c19 cm 600 14$aBrecht, Bertolt$xOpere drammatiche$xStudi critici 700 1 $aPullem, Hans-Jürgen 907 $a.b12538334$b02-04-14$c13-11-03 912 $a991004182959707536 945 $aLE012 838.91 BRE PUL$g1$i2012000211735$lle012$o-$pE0.00$q-$rl$s- $t0$u0$v0$w0$x0$y.i12984449$z13-11-03 996 $aBrecht-kommentar zum dramatischen werk$9172400 997 $aUNISALENTO 998 $ale012$b13-11-03$cm$da $e-$fger$ggw $h0$i1